ESSENTIALS OF PHYSICAL CHEMISTRY (Record no. 9290)
[ view plain ]
| 000 -LEADER | |
|---|---|
| fixed length control field | 00693nam a22001577a 4500 |
| 003 - CONTROL NUMBER IDENTIFIER | |
| control field | SGT |
| 020 ## - INTERNATIONAL STANDARD BOOK NUMBER | |
| International Standard Book Number | 9788121929783 |
| 082 ## - DEWEY DECIMAL CLASSIFICATION NUMBER | |
| Classification number | 541, BAH |
| 100 ## - MAIN ENTRY--PERSONAL NAME | |
| Personal name | BAHL, ARUN |
| 245 ## - TITLE STATEMENT | |
| Title | ESSENTIALS OF PHYSICAL CHEMISTRY |
| 260 ## - PUBLICATION, DISTRIBUTION, ETC. (IMPRINT) | |
| Place of publication, distribution, etc | NEW DELHI |
| Name of publisher, distributor, etc | S.CHAND |
| Year of Publication | 2014 |
| 300 ## - PAGE DESCRIPTION | |
| No. of Pages | 1262 |
| 650 ## - SUBJECT ADDED ENTRY--TOPICAL TERM | |
| Topical term or geographic name as entry element | PHYSICAL CHEMISTRY |
| 653 ## - KEYWORDS--INDEX TERM | |
| Keyword term | Structure Of Atom-Classical Mechanics, Structure Of Atom-Wave Mechanical Approach, Isotopes, Isobars And Isotones, Nuclear Chemistry, Chemical Bonding-Lewis Theory, Chemical Bonding-Orbit Concept, First Law Of Thermodynamics, Thermochemistry, Second Law Of Thermodynamics.....Photochemistry, Si Units, Mathematical Concepts, Introduction To Computers |
| 942 ## - ADDED ENTRY ELEMENTS (KOHA) | |
| Source of classification or shelving scheme | Dewey Decimal Classification |
| Koha item type | FPS Books |
| Withdrawn status | Lost status | Source of classification or shelving scheme | Damaged status | Not for loan | Home library | Current library | Shelving location | Date acquired | Vendor Name | Cost, normal purchase price | SGTU | Bill Number | Total Checkouts | Full call number | Accession No. (Barcode) | Date last seen | Date last borrowed | Bill Date | Koha item type |
|---|---|---|---|---|---|---|---|---|---|---|---|---|---|---|---|---|---|---|---|
| Dewey Decimal Classification | SGT Science & Social Sciences Library | SGT Science & Social Sciences Library | Text Book | 28/06/2016 | SPARSH BOOKS | 7955.00 | SGTU | 1291 | 26 | 541, BAH | PS523 | 10/05/2019 | 25/04/2019 | 25/11/2014 | FPS Books | ||||
| Dewey Decimal Classification | SGT Science & Social Sciences Library | SGT Science & Social Sciences Library | Text Book | 28/06/2016 | SPARSH BOOKS | 7955.00 | SGTU | 1291 | 22 | 541, BAH | PS524 | 21/04/2026 | 15/04/2026 | 25/11/2014 | FPS Books | ||||
| Dewey Decimal Classification | SGT Science & Social Sciences Library | SGT Science & Social Sciences Library | Text Book | 28/06/2016 | SPARSH BOOKS | 7955.00 | SGTU | 1291 | 19 | 541, BAH | PS525 | 13/05/2026 | 05/05/2026 | 25/11/2014 | FPS Books |